Città della Puglia - Morte improvvisa - Statistics

Statistiche generali
  • Questo quiz è stato fatto 645 volte
  • Il punteggio medio è 15 su 25
Answers on the Grid
Answers color-coded by a green-red scale on the quiz's grid according to % correct below.
Altamura
Andria
Bari
Barletta
Battipaglia
Bisceglie
Bitonto
Brindisi
Castrovillari
Ceglie Messapica
Cerignola
Fasano
Foggia
Francavilla al Mare
Gallipoli
Giussano
Lecce
Lucera
Manfredonia
Maratea
Martina Franca
Massafra
Matera
Messina
Mirandola
Molfetta
Monopoli
Nardò
Ostuni
Otranto
Pietrelcina
Pisticci
Policoro
Putignano
Taranto
Terracina
Tortolì
Trani
Troina
Venafro
 
Statistiche sulle risposte
Risposta % Corretto
Barletta
91%
Bari
90%
Altamura
88%
Brindisi
84%
Andria
82%
Foggia
80%
Bitonto
77%
Cerignola
70%
Bisceglie
69%
Gallipoli
69%
Lecce
68%
Monopoli
58%
Ostuni
58%
Manfredonia
57%
Fasano
56%
Otranto
56%
Taranto
55%
Trani
53%
Molfetta
52%
Martina Franca
48%
Massafra
43%
Nardò
43%
Ceglie Messapica
40%
Putignano
33%
Lucera
28%
Nessun quiz corrispondente trovato
Distribuzione punteggi
Percentuale di utenti per punteggio
Percentile per numero di risposta
I tuoi punteggi nel tempo
Non hai fatto questo quiz